logo

Bir Sreshtho Munshi Abdur Rouf Library
Jhenaidah Cadet College

গীতবিতান (অখন্ড / (Record no. 9920)

MARC details
000 -LEADER
fixed length control field 00744nam a22002177a 4500
001 - CONTROL NUMBER
JCCL Control Number 9920
003 - CONTROL NUMBER IDENTIFIER
JCCL marc code BD-JhCC
005 - DATE AND TIME OF LATEST TRANSACTION
control field 20200615134009.0
008 - FIXED-LENGTH DATA ELEMENTS--GENERAL INFORMATION
fixed length control field 180403b1992 bg ||||| |||| 00| 0 ben d
035 ## - SYSTEM CONTROL NUMBER
system control number (BD-JhCC)9920
040 ## - CATALOGING SOURCE
Original cataloging agency BD-JhCC
Modifying agency BD-JhCC
041 ## - LANGUAGE CODE
Language code of Book ben
082 ## - DEWEY DECIMAL CLASSIFICATION NUMBER
Classification number 891.4415
Author mark and Year TAG 1992
100 ## - MAIN ENTRY--PERSONAL NAME
Personal name ঠাকুর, রবীন্দ্রনাথ
245 ## - TITLE STATEMENT
Title গীতবিতান (অখন্ড /
Statement of responsibility, etc রবীন্দ্রনাথ ঠাকুর
260 ## - PUBLICATION, DISTRIBUTION, ETC. (IMPRINT)
Place of publication, distribution, etc ঢাকা :
Name of publisher, distributor, etc নওরোজ সাহিত্য সংসদ,
-- বিশ্বভারতীগ্রন্থবিভাগ,
Date of publication, distribution, etc 1992.
-- 1973.
300 ## - PHYSICAL DESCRIPTION
Pagination 519 p. :
Dimensions 21 cm.
650 ## - SUBJECT ADDED ENTRY--TOPICAL TERM
Topical term or geographic name as entry element Collection
942 ## - ADDED ENTRY ELEMENTS (KOHA)
Source of classification or shelving scheme Dewey Decimal Classification
Koha item type Books
Koha issues (borrowed), all copies 6
Holdings
Source of classification or shelving scheme Damaged status Not for loan Home library Current library Shelving location Date of accession Cost, normal purchase price Total Checkouts Full call number Barcode Checked out Date last seen Date checked out Copy number Koha item type
Dewey Decimal Classification     JCC Rouf Library JCC Rouf Library General Stacks 04/03/2018 160.00 2 891.4415 TAK 1992 12953 08/29/2019 07/24/2019 07/24/2019 C-1 Books
Dewey Decimal Classification     JCC Rouf Library JCC Rouf Library General Stacks 03/04/2018   1 891.4415 TAG 1992 12869   08/26/2020 06/14/2020 C-2 Books
Dewey Decimal Classification     JCC Rouf Library JCC Rouf Library General Stacks 04/04/2018     891.4415 TAG 1992 12952   04/04/2018   C-3 Books

JCC Library | Contacts | JCC Home

Last Update on 23 September 2017
Copyright @ 2017-2020 JCC Rouf Library
Rouf Library, Jhenidah Cadet College (JCC), Bangladesh